Science Quiz

Random Science or Math Quiz

2 Minute Math: Exponents Quiz Stats

Quiz Updated Jul 29, 2015

Challenge
Share
Tweet
Embed
Score 0/50 Timer 02:00
0 Plays Today
Expression Answer % Correct
6^16
63.3%
0^30
62.8%
11^111
62.5%
1^31
62.5%
7^17
62%
4^216
61.4%
0^40
60.8%
5^15
60.7%
1^191
60.6%
16^116
60.3%
12^112
59.9%
5^225
59.8%
8^264
59.5%
6^01
59.3%
9^01
59.1%
10^110
59.1%
12^01
59.1%
9^281
59.1%
9^19
58.8%
2^38
58.3%
10^2100
58.1%
11^01
58.1%
8^18
58%
15^115
57.9%
7^249
57.2%
Expression Answer % Correct
12^2144
57%
2^416
56.9%
3^327
56.9%
1^80471
56.7%
10^31000
55%
11^2121
55%
5^3125
54.4%
10^410,000
53.4%
30^2900
53.3%
13^2169
49.8%
4^364
49.7%
2^532
49.3%
15^2225
45%
5^4625
40.9%
6^3216
39.7%
2^8256
38.3%
4^4256
38.2%
16^2256
36.5%
14^2196
36.4%
9^3729
36.2%
2^101024
34%
21^2441
29.7%
8^3512
29%
7^3343
28.7%
8^44096
22.1%

You're not logged in!

Compare scores with friends on all Sporcle quizzes.
Sign Up with Email
OR
Log In

You Might Also Like...

Show Comments

Extras

Top Quizzes Today


Score Distribution

Your Account Isn't Verified!

In order to create a playlist on Sporcle, you need to verify the email address you used during registration. Go to your Sporcle Settings to finish the process.